Statistics for Države najbliže Srbiji

Click here to take the quiz!

General Stats

  • This quiz has been taken 306 times
    (304 since last reset)
  • The average score is 17 of 20

Answer Stats

kmzemlja% Correct
0Hrvatska
99%
0Bosna i
Hercegovina
97%
0Crna Gora
97%
0Mađarska
97%
0Bugarska
94%
38Albanija
94%
0Rumunija
93%
187Slovenija
92%
0Makedonija
92%
114Grčka
90%
189Slovačka
87%
311Italija
87%
218Austrija
85%
485Njemačka
83%
0Kosovo
79%
313Turska
77%
333Češka
76%
334Poljska
69%
284Ukrajina
64%
435Moldavija
63%

Score Distribution

Percentile by Number Answered

Percent of People with Each Score

Your Score History

You have not taken this quiz since the last reset